Gramática de la lengua castellana

Gardado en:
Detalles Bibliográficos
Autor Principal: Bello, Andrés
Formato: Libro
Idioma:Undetermined
Publicado: Buenos Aires, Argentina Sopena 1949
Edición:2
Materias:
Etiquetas: Engadir etiqueta
Sen Etiquetas, Sexa o primeiro en etiquetar este rexistro!

MARC

LEADER 00000nam a2200000Ia 4500
008 170316s9999 xx 000 0 und d
090 |a 415-E B-5gr 
100 |a Bello, Andrés 
245 |a Gramática de la lengua castellana 
250 |a 2 
260 |a Buenos Aires, Argentina 
260 |b Sopena 
260 |c 1949 
300 |a 540 páginas 
650 |a GRAMÁTICA ESPAÑOLA 
999 |c 18922  |d 18922 
040 |a cru BVZT 
942 |c 15 D  |h 415-E B-5gr  |2 z